000 00290nam a22001337a 4500
008 181224b xxu||||| |||| 00| 0 eng d
020 _a1560532637
041 _aeng
080 _a610
100 _a4
101 _aSHM
245 _aEquine Medicine Secrets
_cSavage,C.J
942 _2udc
_cBK
999 _c53754
_d53754